000 00800nam a22002537a 4500
003 dpl
005 20180525135817.0
008 180525b xxu||||| |||| 00| 0 eng d
010 _aA-828137, A-840247
020 _c395.00
_a8120311256
035 _aA-828137
037 _bCen Lib/Ret
040 _aDPL
_bEN
_c0
082 _a954
_bCHO
100 _aChopra, P. N.
_98566
245 _aAdvanced history of India /
_cby P. N. Chopra...[et al.]
260 _aNew Delhi
_bPrentice-Hall of India
_c1996
270 _aM-97, Connaught Circus
_bNew Delhi
_e110001
300 _aiii,674p.
_c21cm(Hb)
500 _aIncludes bibliographical references and index
650 _aIndia -- History.
_924174
650 _aIndia -- Civilization.
_912282
942 _2ddc
_cEN
_h954
_mCHO
999 _c136004
_d136004